| 000 | 01001nam a2200229Ia 4500 | ||
|---|---|---|---|
| 999 |
_c49050 _d49050 |
||
| 001 | 15956 | ||
| 003 | GE_BSU | ||
| 005 | 20230724175349.0 | ||
| 008 | 181216s||||||||xx |||||||||||||| ||und|| | ||
| 040 | _cGE_BSU | ||
| 080 | _a821.353.1-32 + 910(492) + 910(493) | ||
| 100 |
_aჯაფარიძე, რევაზ _919522 |
||
| 245 | _aვერცხლის აბლაბუდა | ||
| 245 | _bმოთხრობები.აგრეთვე ჰოლანდიასა და ბელგიაში მოგზაურობის შთაბეჭდილებები | ||
| 260 | _aთბილისი | ||
| 260 | _bსაბჭოთა საქართველო | ||
| 260 | _c1971 | ||
| 300 | _a449გვ. ; 22სმ. | ||
| 653 | _aვერცხლის აბლაბუდა | ||
| 653 | _aჰოლანდიასა და ბელგიაში მოგზაურობის შთაბეჭდილებები | ||
| 942 |
_cBK _2udc |
||